Suomen kunnat viimeisen kirjaimen mukaan - Statistics

Yleistilastot
  • Tätä visaa on pelattu 151 kertaa
  • Keskiarvotulos 10 / 16
Vastaustilastot
% Oikein
I Alajärvi | Enonkoski | Eurajoki | Evijärvi | Haapajärvi | Haapavesi | Hankasalmi | Hausjärvi | Heinävesi | Helsinki | Hirvensalmi | Hyrynsalmi | Ii | Iisalmi | Iitti | Ilmajoki | Ilomantsi | Inari | Isojoki | Juupajoki | Jämijärvi | Kaavi | Kajaani | Kalajoki | Kangasniemi | Kannonkoski | Karijoki | Kauhajoki | Kemi | Kemijärvi | Kemiönsaari | Kirkkonummi | Kiuruvesi | Kivijärvi | Kokemäki | Kolari | Konnevesi | Kontiolahti | Kristiinankaupunki | Kustavi | Kyyjärvi | Kärsämäki | Lahti | Lapinjärvi | Lapinlahti | Lappajärvi | Lemi | Lestijärvi | Liperi | Loppi | Lumijoki | Luumäki | Maalahti | Merijärvi | Mikkeli | Mustasaari | Mynämäki | Naantali | Nurmijärvi | Orivesi | Padasjoki | Pelkosenniemi | Petäjävesi | Pieksämäki | Pielavesi | Pietarsaari | Polvijärvi | Pori | Pudasjärvi | Pyhäjoki | Pyhäjärvi | Raasepori | Rantasalmi | Rautalampi | Rautjärvi | Reisjärvi | Riihimäki | Ristijärvi | Rovaniemi | Ruokolahti | Ruovesi | Saarijärvi | Savukoski | Seinäjoki | Sievi | Siikajoki | Siilinjärvi | Soini | Sonkajärvi | Suomussalmi | Suonenjoki | Taipalsaari | Taivalkoski | Tohmajärvi | Toholampi | Tuusniemi | Utajärvi | Utsjoki | Uusikaupunki | Valkeakoski | Vesilahti | Veteli | Vihti | Viitasaari | Vimpeli | Virolahti | Vöyri | Ylöjärvi | Ähtäri | Äänekoski
100%
A Akaa | Alavieska | Asikkala | Askola | Aura | Eura | Forssa | Geta | Halsua | Hamina | Harjavalta | Hartola | Hattula | Heinola | Hollola | Humppila | Hämeenlinna | Imatra | Janakkala | Jomala | Joutsa | Juuka | Juva | Kaarina | Kangasala | Karkkila | Karstula | Karvia | Kauhava | Keminmaa | Kerava | Kinnula | Kokkola | Kotka | Kouvola | Kurikka | Laihia | Laitila | Lappeenranta | Lapua | Laukaa | Leppävirta | Lieksa | Liminka | Lohja | Loimaa | Loviisa | Luhanka | Maarianhamina | Marttila | Merikarvia | Multia | Mänttä-Vilppula | Nakkila | Nivala | Nokia | Orimattila | Parikkala | Pirkkala | Pukkila | Puolanka | Puumala | Pyhäranta | Ranua | Rauma | Rautavaara | Salla | Sastamala | Savonlinna | Siikalatva | Sottunga | Sulkava | Tammela | Tervola | Teuva | Toivakka | Tuusula | Ulvila | Urjala | Vaala | Vaasa | Vantaa | Vehmaa | Ylivieska
99%
O Espoo | Hailuoto | Hanko | Inkoo | Kuhmo | Kuopio | Kuusamo | Lieto | Luoto | Muonio | Paimio | Paltamo | Parkano | Pello | Perho | Porvoo | Posio | Raisio | Rusko | Salo | Sauvo | Simo | Sipoo | Siuntio | Somero | Sotkamo | Taivassalo | Tervo | Tornio | Vesanto | Ylitornio
86%
E Keitele | Kempele | Kitee | Kumlinge | Kuortane | Muurame | Pedersöre | Pälkäne | Raahe | Savitaipale | Tampere
81%
Ä Hyvinkää | Jyväskylä | Jämsä | Järvenpää | Kankaanpää | Kittilä | Kärkölä | Lempäälä | Miehikkälä | Myrskylä | Mäntsälä | Oripää | Pyhtää | Pyhäntä | Pöytyä | Rääkkylä | Sodankylä | Sysmä | Säkylä | Tyrnävä | Vieremä | Ypäjä
79%
U Joensuu | Keuruu | Masku | Mäntyharju | Oulu | Outokumpu | Pomarkku | Turku
79%
Ö Brandö | Eckerö | Enontekiö | Föglö | Hämeenkyrö | Isokyrö | Kihniö | Närpiö | Vårdö
72%
D Hammarland | Lemland | Lumparland | Sund
71%
N Huittinen | Ikaalinen | Jokioinen | Joroinen | Kaskinen | Kauniainen | Kaustinen | Kuhmoinen | Nousiainen | Oulainen | Parainen | Pornainen | Punkalaidun | Siikainen | Uurainen |
63%
T Virrat
60%
K Saltvik
51%
S Alavus | Kannus | Korsnäs | Muhos | Nurmes | Pihtipudas | Varkaus
50%
R Kökar
38%
Y Kruunupyy | Uusikaarlepyy
35%
M Finström
32%
L Koski Tl
13%
Ehtoja vastaavia visoja ei löytynyt
Tulosjakauma
Jokaisen tuloksen saaneiden osuus
Persentiili vastausten määrän mukaan
Tuloshistoriasi
Et ole pelannut tätä visaa